Detalles MARC
| 000 -LEADER |
| fixed length control field |
01477nam a2200409Ii 4500 |
| 001 - CONTROL NUMBER |
| control field |
DIGLOM03014 |
| 003 - CONTROL NUMBER IDENTIFIER |
| control field |
NyNyDIG |
| 006 - FIXED-LENGTH DATA ELEMENTS--ADDITIONAL MATERIAL CHARACTERISTICS |
| fixed length control field |
m o d |
| 007 - PHYSICAL DESCRIPTION FIXED FIELD--GENERAL INFORMATION |
| fixed length control field |
cr ||||||||||| |
| 008 - FIXED-LENGTH DATA ELEMENTS--GENERAL INFORMATION |
| fixed length control field |
120210s2009 cl o 000 0 spa d |
| 020 ## - INTERNATIONAL STANDARD BOOK NUMBER |
| Canceled/invalid ISBN |
9789560000408 |
| 035 ## - SYSTEM CONTROL NUMBER |
| System control number |
(OCoLC)888270411 |
| 040 ## - CATALOGING SOURCE |
| Original cataloging agency |
DGITA |
| Language of cataloging |
eng |
| Description conventions |
pn |
| Transcribing agency |
DGITA |
| 041 1# - LANGUAGE CODE |
| Language code of text/sound track or separate title |
spa |
| Language code of original |
fre |
| 050 14 - LIBRARY OF CONGRESS CALL NUMBER |
| Classification number |
PQ2191 eBook |
| 100 1# - MAIN ENTRY--PERSONAL NAME |
| Personal name |
Baudelaire, Charles, |
| Dates associated with a name |
1821-1867. |
| 240 10 - UNIFORM TITLE |
| Uniform title |
Spleen de Paris. |
| Language of a work |
Spanish |
| 245 13 - TITLE STATEMENT |
| Title |
El spleen de París / |
| Statement of responsibility, etc. |
Charles Baudelaire ; Introducción, traducción y notas de Pablo Oyarzún R. |
| 250 ## - EDITION STATEMENT |
| Edition statement |
1. ed. |
| 264 #1 - PRODUCTION, PUBLICATION, DISTRIBUTION, MANUFACTURE, AND COPYRIGHT NOTICE |
| Place of production, publication, distribution, manufacture |
Santiago de Chile, Chile : |
| Name of producer, publisher, distributor, manufacturer |
LOM Ediciones, |
| Date of production, publication, distribution, manufacture, or copyright notice |
2009. |
| 300 ## - PHYSICAL DESCRIPTION |
| Extent |
1 online resource (143 pages) |
| 336 ## - CONTENT TYPE |
| Content type term |
text |
| Content type code |
txt |
| Source |
rdacontent |
| 337 ## - MEDIA TYPE |
| Media type term |
computer |
| Media type code |
c |
| Source |
rdamedia |
| 338 ## - CARRIER TYPE |
| Carrier type term |
online resource |
| Carrier type code |
cr |
| Source |
rdacarrier |
| 490 1# - SERIES STATEMENT |
| Series statement |
Bolsillo |
| 500 ## - GENERAL NOTE |
| General note |
Notas (p. 117-138) ; Tabla de primeras publicaciones de los poemas anteriores a la edición completa de 1869 (p. 139-143). |
| 651 #0 - SUBJECT ADDED ENTRY--GEOGRAPHIC NAME |
| Geographic name |
Paris (France) |
| General subdivision |
Poetry. |
| 650 #0 - SUBJECT ADDED ENTRY--TOPICAL TERM |
| Topical term or geographic name entry element |
Prose poems, French |
| Form subdivision |
Translations into Spanish. |
| 655 #0 - INDEX TERM--GENRE/FORM |
| Genre/form data or focus term |
Electronic books. |
| 700 1# - ADDED ENTRY--PERSONAL NAME |
| Personal name |
Oyarzún R., Pablo, |
| Dates associated with a name |
1950- |
| 791 2# - |
| -- |
Digitalia (Firm), |
| -- |
distributor. |
| 793 0# - |
| -- |
Digitalia eBook Collection: |
| -- |
LOM Ediciones |
| 830 #0 - SERIES ADDED ENTRY--UNIFORM TITLE |
| Uniform title |
Bolsillo (Santiago, Chile) |
| 856 40 - ELECTRONIC LOCATION AND ACCESS |
| Materials specified |
Digitalia Hispánica |
| Uniform Resource Identifier |
<a href="https://www.digitaliapublishing.com/a/13107/">https://www.digitaliapublishing.com/a/13107/</a> |
| 910 ## - USER-OPTION DATA (OCLC) |
| User-option data |
Premium Collection: 2007-2012 |
| 942 ## - ADDED ENTRY ELEMENTS (KOHA) |
| Koha item type |
Recurso Electrónico |